Os 15 principais países com mortes por Covid19 - 2 de maio - Statistics

Estatísticas Gerais
  • Esse quiz foi jogado 6 vezes
  • A pontuação média é 12 de 21
Estatísticas das Respostas
país % Correto
Brasil
100%
Alemanha
83%
Espanha
83%
Estados Unidos
83%
França
83%
Canadá
67%
China
67%
Itália
67%
México
67%
Reino Unido
67%
Irão
50%
Portugal
50%
Suécia
50%
Suécia
50%
Turquia
50%
Bélgica
33%
Equador
33%
Países Baixos
33%
Suíça
33%
Irlanda
17%
Dinamarca
0%
Nenhum quiz correspondente encontrado
Distribuição das Pontuações
Porcentagem de Pessoas com Cada Pontuação
Percentil de Números Respondidos
Sua Pontuação Histórica
Você não jogou esse quiz